[Event "Arco op 45th"]
[Site "Arco"]
[Date "2023.10.10"]
[Round "4"]
[White "Christoffel, Ulrich"]
[Black "Linnemann, Caspar"]
[Result "1/2-1/2"]
[WhiteElo "2087"]
[BlackElo "1724"]
[PlyCount "60"]
[EventDate "2023.10.07"]
[EventType "swiss"]
[EventRounds "9"]
[EventCountry "ITA"]
[SourceTitle "Mega2024 Update 01"]
[Source "Chessbase"]
[SourceDate "2023.11.12"]
[SourceVersion "1"]
[SourceVersionDate "2023.11.12"]
[SourceQuality "1"]

1. c4 c5 2. g3 g6 3. Bg2 Bg7 4. Nc3 Nc6 5. d3 e6 6. Bd2 Nge7 7. e4 0-0 8. Nh3 b6 9. Nf4 Bb7 10. Rb1 Nb4 11. a3 Na6 12. b4 d6 13. h4 e5 14. Nfd5 Nxd5 15. Nxd5 cxb4 16. axb4 Nc7 17. Bh3 Nxd5 18. cxd5 Bc8 19. Bxc8 Rxc8 20. Qa4 Rc7 21. 0-0 f5 22. Rbc1 f4 23. Rxc7 Qxc7 24. Rc1 Qf7 25. g4 Qe7 26. f3 Qxh4 27. Be1 Qh3 28. Kf2 Qh2+ 29. Kf1 Bf6 30. Qd7 Qh1+ 1/2-1/2

[Event "Arco op 45th"]
[Site "Arco"]
[Date "2023.10.08"]
[Round "2"]
[White "Klings, Peter"]
[Black "Linnemann, Caspar"]
[Result "1-0"]
[WhiteElo "2045"]
[BlackElo "1724"]
[PlyCount "43"]
[EventDate "2023.10.07"]
[EventType "swiss"]
[EventRounds "9"]
[EventCountry "ITA"]
[SourceTitle "Mega2024 Update 01"]
[Source "Chessbase"]
[SourceDate "2023.11.12"]
[SourceVersion "1"]
[SourceVersionDate "2023.11.12"]
[SourceQuality "1"]

1. Nf3 c5 2. c4 Nc6 3. Nc3 e6 4. g3 Nge7 5. Bg2 d6 6. 0-0 g6 7. d4 cxd4 8. Nxd4 Nxd4 9. Qxd4 e5 10. Qd1 a6 11. Bg5 Qc7 12. Ne4 Ng8 13. c5 f5 14. Nxd6+ Bxd6 15. cxd6 Qb6 16. Rc1 Bd7 17. Rc7 Rb8 18. Qd5 Qxb2 19. Rxd7 Kxd7 20. Qf7+ Kxd6 21. Rd1+ Kc5 22. Qc7+ 1-0

[Event "Arco op 45th"]
[Site "Arco"]
[Date "2023.10.07"]
[Round "1"]
[White "Linnemann, Caspar"]
[Black "Zucchelli, Massimo"]
[Result "1/2-1/2"]
[WhiteElo "1724"]
[BlackElo "2060"]
[PlyCount "83"]
[EventDate "2023.10.07"]
[EventType "swiss"]
[EventRounds "9"]
[EventCountry "ITA"]
[SourceTitle "Mega2024 Update 01"]
[Source "Chessbase"]
[SourceDate "2023.11.12"]
[SourceVersion "1"]
[SourceVersionDate "2023.11.12"]
[SourceQuality "1"]

1. e4 e6 2. d4 d5 3. Nd2 Nf6 4. e5 Nfd7 5. Bd3 c5 6. c3 Nc6 7. Ne2 cxd4 8. cxd4 f6 9. exf6 Nxf6 10. Nf3 Bd6 11. 0-0 Qc7 12. Re1 0-0 13. Nc3 a6 14. Bg5 Bd7 15. Bh4 Rae8 16. Rc1 Qb6 17. Re2 Re7 18. a3 Be8 19. Na4 Qa7 20. Bg3 Bxg3 21. hxg3 Bh5 22. Nc5 Rfe8 23. Re1 e5 24. dxe5 Bxf3 25. gxf3 Nxe5 26. Kg2 b6 27. Nb3 b5 28. Nc5 Nc4 29. Rxe7 Rxe7 30. Bxc4 bxc4 31. Na4 h6 32. Nc3 Qb7 33. Qd2 Rd7 34. Ne2 Qb6 35. Nd4 Rb7 36. Rc2 Qd6 37. Nf5 Qe5 38. Nd4 Kf7 39. Nc6 Qc7 40. Nd4 Qe5 41. Nc6 Qe8 42. Nd4 1/2-1/2

[Event "Walsrode Chessemy op-A"]
[Site "Walsrode"]
[Date "2023.03.12"]
[Round "9"]
[White "Linnemann, Caspar"]
[Black "Roth, Thorsten"]
[Result "0-1"]
[WhiteElo "1705"]
[BlackElo "2050"]
[PlyCount "104"]
[EventDate "2023.03.04"]
[EventType "swiss"]
[EventRounds "9"]
[EventCountry "GER"]
[SourceTitle "CBM 213 Extra"]
[Source "ChessBase"]
[SourceDate "2023.05.31"]
[SourceVersion "1"]
[SourceVersionDate "2023.05.31"]
[SourceQuality "1"]

1. e4 d5 2. exd5 Qxd5 3. Nc3 Qa5 4. d4 c6 5. Bc4 Bf5 6. Nf3 e6 7. Bf4 Nf6 8. 0-0 Nbd7 9. a3 Be7 10. Qd2 h6 11. Rfe1 Qd8 12. h3 0-0 13. Rad1 Nb6 14. Bd3 Bxd3 15. Qxd3 Nbd5 16. Nxd5 cxd5 17. Qb3 Bd6 18. Bxd6 Qxd6 19. c3 Qc7 20. Re2 Rab8 21. Rde1 b5 22. a4 Qc4 23. Qxc4 bxc4 24. Ne5 Rb6 25. f3 Rfb8 26. Rb1 R8b7 27. Kf2 g5 28. g3 Kg7 29. Ng4 Nxg4+ 30. hxg4 Ra6 31. Ra1 Rb5 32. f4 Rba5 33. f5 exf5 34. gxf5 Rxa4 35. Rae1 Ra2 36. Rd2 Rb6 37. Ree2 h5 38. g4 h4 39. Ke1 Rb7 40. Kd1 Kf6 41. Kc1 Ra1+ 42. Kc2 Rg1 43. Rg2 Rxg2 44. Re2 Rf2 45. Rxf2 Re7 46. Rg2 Re4 47. Kd2 a5 48. Rg1 Ke7 49. Rg2 Kd7 50. Rg1 Kc6 51. Rg2 Kb5 52. Rg1 Ka4 0-1

[Event "Walsrode Chessemy op-A"]
[Site "Walsrode"]
[Date "2023.03.06"]
[Round "3"]
[White "Linnemann, Caspar"]
[Black "Zitzelsberger, Philipp"]
[Result "0-1"]
[WhiteElo "1705"]
[BlackElo "1958"]
[PlyCount "124"]
[EventDate "2023.03.04"]
[EventType "swiss"]
[EventRounds "9"]
[EventCountry "GER"]
[SourceTitle "CBM 213 Extra"]
[Source "ChessBase"]
[SourceDate "2023.05.31"]
[SourceVersion "1"]
[SourceVersionDate "2023.05.31"]
[SourceQuality "1"]

1. e4 c5 2. Nf3 d6 3. d4 cxd4 4. Nxd4 Nf6 5. Nc3 a6 6. Be2 e5 7. Nb3 Be7 8. f3 Be6 9. Be3 0-0 10. Qd2 b5 11. 0-0 Nbd7 12. Rfd1 Nb6 13. Bg5 Nbd7 14. Be3 Qc8 15. a3 Rd8 16. Nc1 Nf8 17. Nd5 Nxd5 18. exd5 Bf5 19. Bd3 Ng6 20. Ne2 Nh4 21. Bxf5 Qxf5 22. Qd3 Rdc8 23. c3 Bg5 24. Ng3 Qxd3 25. Rxd3 Bxe3+ 26. Rxe3 f5 27. Re2 Rc5 28. Rd1 a5 29. Nf1 Rf8 30. Ne3 Rf6 31. Kf2 f4 32. Nc2 Ng6 33. Na1 a4 34. Nc2 Ne7 35. Nb4 g5 36. Kg1 Nf5 37. Nc2 h5 38. Kf2 Kg7 39. Kg1 Ne7 40. Nb4 Nf5 41. Nc2 Kg6 42. Kf2 g4 43. Kg1 Kg5 44. Kf2 Rf8 45. Ree1 Rg8 46. Rg1 Re8 47. Rge1 Rc4 48. Re4 Rec8 49. Re2 Re8 50. Re4 Rxe4 51. fxe4 Ne7 52. g3 h4 53. Re1 Ng6 54. Re2 hxg3+ 55. hxg3 Rh8 56. gxf4+ Nxf4 57. Rd2 Rh2+ 58. Ke3 g3 59. Ne1 Rxd2 60. Kxd2 g2 61. Nf3+ Kg4 62. Ke3 Nh3 0-1

[Event "Arco op 44th"]
[Site "Arco"]
[Date "2022.10.16"]
[Round "9"]
[White "Csontos, Aron"]
[Black "Linnemann, Caspar"]
[Result "1/2-1/2"]
[WhiteElo "1962"]
[BlackElo "1691"]
[PlyCount "46"]
[EventDate "2022.10.08"]
[EventType "swiss"]
[EventRounds "9"]
[EventCountry "ITA"]
[SourceTitle "CBM 210 Extra"]
[Source "ChessBase"]
[SourceDate "2022.11.30"]
[SourceVersion "1"]
[SourceVersionDate "2022.11.30"]
[SourceQuality "1"]

1. e4 c5 2. c3 d5 3. exd5 Qxd5 4. d4 Nf6 5. Nf3 Bg4 6. Qa4+ Bd7 7. Bb5 e6 8. 0-0 a6 9. Bxd7+ Qxd7 10. Qb3 Nc6 11. Nbd2 Rd8 12. dxc5 Bxc5 13. Nc4 Qc7 14. Be3 Bxe3 15. Nxe3 0-0 16. Rad1 h6 17. Nc2 Na5 18. Qa4 Rxd1 19. Rxd1 Nc4 20. Rd4 Rc8 21. Qb3 Na5 22. Qa3 Nc4 23. Qb3 Na5 1/2-1/2

[Event "GER-ch U14"]
[Site "Willingen"]
[Date "2022.06.08"]
[Round "5"]
[White "Huber, Benedikt Thomas"]
[Black "Linnemann, Caspar"]
[Result "1/2-1/2"]
[WhiteElo "1780"]
[BlackElo "1720"]
[PlyCount "114"]
[EventDate "2022.06.04"]
[EventType "swiss"]
[EventRounds "9"]
[EventCountry "GER"]
[SourceTitle "CBM 208 Extra"]
[Source "ChessBase"]
[SourceDate "2022.07.31"]
[SourceVersion "1"]
[SourceVersionDate "2022.07.31"]
[SourceQuality "1"]

1. e4 c5 2. Nf3 d6 3. d4 cxd4 4. Nxd4 Nf6 5. Nc3 a6 6. Bd3 e6 7. f4 Qc7 8. g4 h6 9. Bd2 Nc6 10. Nxc6 Qxc6 11. Qf3 Be7 12. 0-0-0 Nd7 13. h4 Nb6 14. Rdf1 Bd7 15. g5 0-0-0 16. Qe2 Rde8 17. Be3 Na4 18. Nxa4 Qxa4 19. Kb1 Bc6 20. Bd2 d5 21. e5 Bb4 22. c3 Be7 23. Rc1 Kb8 24. Rcg1 d4 25. Bc2 Qb5 26. Bd3 Qa4 27. b3 Qa3 28. Be4 Bxe4+ 29. Qxe4 dxc3 30. Bxc3 g6 31. Rd1 Qc5 32. Rd7 Qb5 33. Rhd1 h5 34. Kc2 Rhf8 35. a4 Qb6 36. Ba5 Qa7 37. Kb2 Bc5 38. b4 Bb6 39. Bxb6 Qxb6 40. R1d6 Qa7 41. a5 Rc8 42. Rb6 Rc7 43. Rxc7 Kxc7 44. Qd4 Re8 45. Qc5+ Kb8 46. Qd4 Kc8 47. Rc6+ Kb8 48. Qxa7+ Kxa7 49. Rc7 Rf8 50. Kb3 Kb8 51. Re7 Ka8 52. Rd7 Kb8 53. Kc4 Rc8+ 54. Kd4 Rc7 55. Rxc7 Kxc7 56. Kc5 Kd7 57. b5 Kc7 1/2-1/2

[Event "GER-ch U14"]
[Site "Willingen"]
[Date "2022.06.08"]
[Round "6"]
[White "Linnemann, Caspar"]
[Black "Mueller, Maximilian3333"]
[Result "0-1"]
[WhiteElo "1720"]
[BlackElo "1875"]
[PlyCount "122"]
[EventDate "2022.06.04"]
[EventType "swiss"]
[EventRounds "9"]
[EventCountry "GER"]
[SourceTitle "CBM 208 Extra"]
[Source "ChessBase"]
[SourceDate "2022.07.31"]
[SourceVersion "1"]
[SourceVersionDate "2022.07.31"]
[SourceQuality "1"]

1. e4 e6 2. d4 d5 3. Nd2 Nf6 4. e5 Nfd7 5. c3 c5 6. Bd3 Nc6 7. Ne2 cxd4 8. cxd4 f6 9. exf6 Nxf6 10. Nf3 Bd6 11. 0-0 Qc7 12. g3 0-0 13. Bf4 Bd7 14. Rc1 Be8 15. Bxd6 Qxd6 16. Nf4 Ne4 17. Ng2 Bh5 18. Be2 Bxf3 19. Bxf3 Nxd4 20. Bxe4 dxe4 21. Ne1 e5 22. Qg4 Qd5 23. b3 e3 24. Rc7 Ne6 25. Rc2 Nd4 26. Rc7 g6 27. f3 Rf5 28. Qh4 Rf7 29. Rxf7 Qxf7 30. Qe4 e2 31. Rf2 Rc8 32. Qxe5 Rc1 33. Qxd4 Rxe1+ 34. Kg2 Rg1+ 35. Kxg1 e1Q+ 36. Kg2 b6 37. Qd8+ Qee8 38. Qd4 Qfe7 39. Qd5+ Qe6 40. Qd4 Q8c8 41. Qh4 Kg7 42. Qd4+ Qf6 43. Qe4 Qcc6 44. Qb4 a5 45. Qd2 g5 46. g4 Qcd6 47. Qc2 Qff4 48. Kg1 Qc5 49. Qb2+ Qfd4 50. Qe2 Qe3 51. Qb2+ Qcc3 52. Qb1 Qce1+ 53. Qxe1 Qxe1+ 54. Kg2 Qe3 55. Kf1 b5 56. Kg2 Kf6 57. Kf1 Qc1+ 58. Kg2 Qd1 59. Rb2 Ke5 60. Rf2 Kd4 61. h3 Ke5 0-1

[Event "GER-ch U14"]
[Site "Willingen"]
[Date "2022.06.06"]
[Round "3"]
[White "Sundui, Chinguun"]
[Black "Linnemann, Caspar"]
[Result "1/2-1/2"]
[WhiteElo "1793"]
[BlackElo "1720"]
[PlyCount "68"]
[EventDate "2022.06.04"]
[EventType "swiss"]
[EventRounds "9"]
[EventCountry "GER"]
[SourceTitle "CBM 208 Extra"]
[Source "ChessBase"]
[SourceDate "2022.07.31"]
[SourceVersion "1"]
[SourceVersionDate "2022.07.31"]
[SourceQuality "1"]

1. d4 Nf6 2. Nf3 c5 3. d5 d6 4. Nc3 Nbd7 5. e4 g6 6. Bb5 a6 7. Bxd7+ Nxd7 8. a4 Bg7 9. 0-0 0-0 10. Bf4 b6 11. Qe2 f6 12. Qd2 Ne5 13. Nxe5 fxe5 14. Bh6 Bd7 15. h4 Qe8 16. Bxg7 Kxg7 17. f4 exf4 18. Rxf4 Rxf4 19. Qxf4 Qf7 20. Qg3 Qf6 21. Rd1 Rf8 22. b3 h5 23. Re1 Qd4+ 24. Re3 Qf6 25. Rf3 Qd4+ 26. Re3 Qf6 27. e5 Qf1+ 28. Kh2 Qf4 29. e6 Be8 30. Rf3 Qxg3+ 31. Kxg3 Rxf3+ 32. Kxf3 g5 33. hxg5 Bg6 34. Ne4 Bf5 1/2-1/2

[Event "GER-ch U14"]
[Site "Willingen"]
[Date "2022.06.05"]
[Round "1"]
[White "Linnemann, Caspar"]
[Black "Hoppstaedter, Daniel"]
[Result "1/2-1/2"]
[WhiteElo "1720"]
[BlackElo "1987"]
[PlyCount "134"]
[EventDate "2022.06.04"]
[EventType "swiss"]
[EventRounds "9"]
[EventCountry "GER"]
[SourceTitle "CBM 208 Extra"]
[Source "ChessBase"]
[SourceDate "2022.07.31"]
[SourceVersion "1"]
[SourceVersionDate "2022.07.31"]
[SourceQuality "1"]

1. e4 c6 2. d4 d5 3. Nd2 dxe4 4. Nxe4 Nf6 5. Nxf6+ exf6 6. Be3 Bd6 7. Bc4 0-0 8. Ne2 Re8 9. 0-0 Nd7 10. Bb3 Nf8 11. Qd2 Ng6 12. Rfe1 Qc7 13. h3 Nh4 14. Bf4 Bxh3 15. Bxd6 Qxd6 16. Qf4 Qxf4 17. Nxf4 Bf5 18. c3 Ng6 19. Nxg6 Bxg6 20. f3 Bf5 21. Kf2 Kf8 22. Ba4 Be6 23. Bc2 g6 24. a3 h5 25. Bd3 Kg7 26. Re2 Rad8 27. Rae1 b5 28. Bc2 Rh8 29. Be4 Rd6 30. Bc2 a5 31. Ra1 Rb8 32. b4 a4 33. Rb1 Bc4 34. Re3 Re6 35. Rbe1 Rbe8 36. Be4 Bd5 37. R1e2 Kf8 38. Re1 R8e7 39. R1e2 Ke8 40. Re1 Kd7 41. R1e2 Kd6 42. Re1 Bc4 43. g3 f5 44. Bc2 Kd5 45. Rxe6 Rxe6 46. Bb1 Rxe1 47. Kxe1 Ke6 48. Kf2 g5 49. Bc2 Kf6 50. Kg2 g4 51. f4 Bd5+ 52. Kf2 Be4 53. Bd1 Bd3 54. Ke3 Bc4 55. Kf2 Ke6 56. Bc2 Bd5 57. Ke3 Kf6 58. Kf2 Kg6 59. Bd1 Kf6 60. Bc2 Ke6 61. Ke3 Bf3 62. Bd3 Kd5 63. Bf1 Be4 64. Kf2 Bh1 65. Ke3 f6 66. Bd3 Be4 67. Bf1 Bh1 1/2-1/2

[Event "EU-ch 22nd"]
[Site "Terme Catez"]
[Date "2022.04.01"]
[Round "6"]
[White "Henseler, Jorgen"]
[Black "Linnemann, Caspar"]
[Result "1/2-1/2"]
[WhiteElo "2059"]
[BlackElo "1773"]
[PlyCount "34"]
[EventDate "2022.03.27"]
[EventType "swiss"]
[EventRounds "11"]
[EventCountry "SLO"]
[SourceTitle "CBM 208"]
[Source "ChessBase"]
[SourceDate "2022.06.30"]
[SourceVersion "1"]
[SourceVersionDate "2022.06.30"]
[SourceQuality "1"]

1. e4 c5 2. Nf3 d6 3. d4 cxd4 4. Nxd4 Nf6 5. Nc3 a6 6. Be3 e6 7. f3 b5 8. Qd2 Bb7 9. 0-0-0 Be7 10. g4 0-0 11. g5 Nfd7 12. h4 Nc6 13. Kb1 Qc7 14. h5 Nde5 15. Qg2 Nxd4 16. Bxd4 Rac8 17. g6 h6 1/2-1/2

[Event "EU-ch 22nd"]
[Site "Terme Catez"]
[Date "2022.03.28"]
[Round "2"]
[White "Linnemann, Caspar"]
[Black "Mihov, Filip"]
[Result "0-1"]
[WhiteElo "1773"]
[BlackElo "2255"]
[PlyCount "94"]
[EventDate "2022.03.27"]
[EventType "swiss"]
[EventRounds "11"]
[EventCountry "SLO"]
[SourceTitle "CBM 208"]
[Source "ChessBase"]
[SourceDate "2022.06.30"]
[SourceVersion "1"]
[SourceVersionDate "2022.06.30"]
[SourceQuality "1"]

1. e4 c6 2. d4 d5 3. Nd2 dxe4 4. Nxe4 Nf6 5. Ng3 h5 6. h4 c5 7. Be3 Ng4 8. Bb5+ Bd7 9. Bxd7+ Qxd7 10. Nf3 Nxe3 11. fxe3 Qg4 12. Rh3 Nc6 13. c3 0-0-0 14. Qc2 e5 15. dxe5 g6 16. Ne4 Be7 17. Neg5 Bxg5 18. hxg5 Rhe8 19. Rh4 Qe6 20. Qb3 Nxe5 21. Qxe6+ Rxe6 22. Ke2 Ng4 23. Re1 Rxe3+ 24. Kf1 Rxe1+ 25. Kxe1 Rd5 26. Rh3 Kd7 27. Ke2 Ke6 28. Ke1 Kf5 29. Rg3 Rd7 30. Rh3 a5 31. a3 Rd6 32. b3 Kf4 33. Nd2 Re6+ 34. Kf1 Kxg5 35. Nc4 b6 36. Rd3 f5 37. a4 h4 38. Rh3 f4 39. Nd2 Ne3+ 40. Kg1 Kg4 41. Rf3 g5 42. Rf2 Nd1 43. Rf3 Re1+ 44. Kh2 Ne3 45. Rf2 Rd1 46. Nf3 Nf1+ 47. Kh1 Ng3+ 0-1

[Event "Reinstorf Blitz op"]
[Site "Reinstorf"]
[Date "2022.02.04"]
[Round "9"]
[White "Cordts, Elof"]
[Black "Linnemann, Caspar"]
[Result "0-1"]
[WhiteElo "1676"]
[BlackElo "1754"]
[PlyCount "80"]
[EventDate "2022.01.29"]
[EventType "swiss (blitz)"]
[EventRounds "9"]
[EventCountry "GER"]
[SourceTitle "CBM 206 Extra"]
[Source "ChessBase"]
[SourceDate "2022.03.31"]
[SourceVersion "1"]
[SourceVersionDate "2022.03.31"]
[SourceQuality "1"]

1. e4 c5 2. Nf3 d6 3. d4 cxd4 4. Nxd4 Nf6 5. Nc3 a6 6. a3 e6 7. Bc4 Nbd7 8. Be3 b5 9. Bb3 Nc5 10. f3 Be7 11. Nc6 Qc7 12. Nxe7 Kxe7 13. 0-0 Bb7 14. Rc1 Rad8 15. Bf4 h6 16. Qe2 g5 17. Bg3 h5 18. e5 dxe5 19. Bxe5 Qc8 20. Qe3 Rhg8 21. f4 g4 22. f5 Nfd7 23. fxe6 fxe6 24. Bg3 Nxb3 25. cxb3 Qc6 26. Qe2 Nc5 27. Bh4+ Ke8 28. Bxd8 Kxd8 29. Rcd1+ Kc8 30. Rf2 Rd8 31. Rxd8+ Kxd8 32. Rf8+ Kc7 33. Rf7+ Kb6 34. b4 Nb3 35. Qf2+ Nd4 36. Rf6 a5 37. bxa5+ Ka6 38. b4 Nf5 39. Rh6 Ne3 40. Qxe3 Qxg2# 0-1

[Event "Reinstorf Blitz op"]
[Site "Reinstorf"]
[Date "2022.02.04"]
[Round "4"]
[White "Linnemann, Caspar"]
[Black "Knuedel, Torben"]
[Result "0-1"]
[WhiteElo "1754"]
[BlackElo "2197"]
[PlyCount "66"]
[EventDate "2022.01.29"]
[EventType "swiss (blitz)"]
[EventRounds "9"]
[EventCountry "GER"]
[SourceTitle "CBM 206 Extra"]
[Source "ChessBase"]
[SourceDate "2022.03.31"]
[SourceVersion "1"]
[SourceVersionDate "2022.03.31"]
[SourceQuality "1"]

1. e4 c5 2. Nf3 d6 3. d4 cxd4 4. Nxd4 Nf6 5. Nc3 Nc6 6. Bc4 g6 7. f3 Bg7 8. Be3 0-0 9. Bb3 Bd7 10. Qd2 Nxd4 11. Bxd4 b5 12. 0-0-0 a5 13. Nd5 Nxd5 14. Bxd5 Rc8 15. Bxg7 Kxg7 16. a3 Qc7 17. Kb1 b4 18. axb4 axb4 19. Bb3 Kg8 20. g4 Qa5 21. Qd5 Rc5 22. Qd3 Be6 23. Bxe6 fxe6 24. Qb3 Kf7 25. h4 Ra8 26. Kc1 Rac8 27. Rh2 Qa7 28. h5 d5 29. e5 Qc7 30. Rdd2 Qxe5 31. hxg6+ hxg6 32. Rh7+ Kg8 33. Rdh2 Qe1# 0-1

[Event "Reinstorf Blitz op"]
[Site "Reinstorf"]
[Date "2022.02.04"]
[Round "8"]
[White "Linnemann, Caspar"]
[Black "Semling, Johannes"]
[Result "0-1"]
[WhiteElo "1754"]
[BlackElo "1765"]
[PlyCount "61"]
[EventDate "2022.01.29"]
[EventType "swiss (blitz)"]
[EventRounds "9"]
[EventCountry "GER"]
[SourceTitle "CBM 206 Extra"]
[Source "ChessBase"]
[SourceDate "2022.03.31"]
[SourceVersion "1"]
[SourceVersionDate "2022.03.31"]
[SourceQuality "1"]

1. e4 c5 2. Nf3 d6 3. d4 cxd4 4. Nxd4 Nf6 5. Nc3 a6 6. a3 e6 7. Bc4 Be7 8. Be3 b5 9. Bb3 0-0 10. f3 Bb7 11. Qd2 Nbd7 12. 0-0-0 Nc5 13. Ba2 Rc8 14. Kb1 Qc7 15. g4 Nfd7 16. h4 Nb6 17. g5 Rfd8 18. h5 d5 19. exd5 Nxd5 20. Nxd5 Bxd5 21. Bxd5 Rxd5 22. Qc1 Rcd8 23. Rdg1 Rxd4 24. Bxd4 Rxd4 25. g6 Bf6 26. Rh2 Rc4 27. Qd2 Rd4 28. Qe2 Qf4 29. Rhg2 Nd7 30. c3 Rd5 31. Rh1 0-1

[Event "Reinstorf op"]
[Site "Reinstorf"]
[Date "2022.02.03"]
[Round "6"]
[White "Hartmann, Wolfgang"]
[Black "Linnemann, Caspar"]
[Result "1-0"]
[WhiteElo "1917"]
[BlackElo "1754"]
[PlyCount "61"]
[EventDate "2022.01.29"]
[EventType "swiss"]
[EventRounds "9"]
[EventCountry "GER"]
[SourceTitle "CBM 206 Extra"]
[Source "ChessBase"]
[SourceDate "2022.03.31"]
[SourceVersion "1"]
[SourceVersionDate "2022.03.31"]
[SourceQuality "1"]

1. d4 Nf6 2. Bf4 g6 3. Nc3 d6 4. e4 Bg7 5. Qd2 Nbd7 6. 0-0-0 0-0 7. f3 Re8 8. Bh6 e5 9. Bxg7 Kxg7 10. Nge2 a6 11. h4 b5 12. h5 Rh8 13. h6+ Kf8 14. Qg5 Bb7 15. dxe5 dxe5 16. Kb1 Qe7 17. Nc1 Ne8 18. Qe3 Nd6 19. Nb3 Qe6 20. Be2 Ke7 21. Na5 Rhe8 22. Rxd6 Qxd6 23. Nxb7 Qc6 24. Na5 Qe6 25. Nd5+ Kd8 26. Rd1 Kc8 27. Qc3 Ra7 28. Nc6 Rb7 29. Na5 Ra7 30. a4 c6 31. Nxc6 1-0

[Event "Heusenstamm Sparkassen op-A 7th"]
[Site "Heusenstamm"]
[Date "2021.11.18"]
[Round "1.64"]
[White "Linnemann, Caspar"]
[Black "Junker, Christian"]
[Result "0-1"]
[WhiteElo "1731"]
[BlackElo "2019"]
[PlyCount "110"]
[EventDate "2021.11.18"]
[EventType "swiss"]
[EventRounds "7"]
[EventCountry "GER"]
[SourceTitle "EXT 2023"]
[Source "ChessBase"]
[SourceDate "2022.10.05"]
[SourceVersion "1"]
[SourceVersionDate "2022.10.05"]
[SourceQuality "1"]

1. e4 e5 2. Nf3 Nf6 3. Nc3 Nc6 4. d4 Bb4 5. d5 Ne7 6. Bd3 0-0 7. 0-0 d6 8. Bg5 Ng6 9. Nh4 h6 10. Nxg6 fxg6 11. Bh4 g5 12. Bg3 a6 13. Na4 Qe8 14. c3 Ba5 15. b4 Bd7 16. Bc2 Bb6 17. Nxb6 cxb6 18. Rc1 Qg6 19. Qe2 h5 20. h4 Rac8 21. Bd3 b5 22. f3 Nh7 23. c4 gxh4 24. Bxh4 Rf4 25. Qf2 Rcf8 26. Qg3 Qh6 27. Qf2 g5 28. Bg3 R4f7 29. Qe3 bxc4 30. Bxc4 h4 31. Bh2 Qg6 32. Rc2 Nf6 33. Be2 Nh5 34. Rcc1 Rg7 35. Rfe1 Nf4 36. Bxf4 gxf4 37. Qf2 h3 38. Bf1 Qh5 39. Rc2 hxg2 40. Bxg2 Rf6 41. Ree2 Rh6 42. Kf1 Bb5 43. Ke1 Bxe2 44. Qxe2 Qh2 45. Bf1 Qg1 46. Qf2 Rh1 47. Qxg1 Rgxg1 48. Rf2 Kh7 49. Ke2 Kh6 50. a4 Kh5 51. Ke1 Kh4 52. b5 axb5 53. axb5 b6 54. Ke2 Kg3 55. Ke1 Rxf1+ 0-1

[Event "Arco op 43rd"]
[Site "Arco"]
[Date "2021.10.12"]
[Round "4"]
[White "Linnemann, Caspar"]
[Black "Galimberti, Maurizio"]
[Result "1/2-1/2"]
[WhiteElo "1723"]
[BlackElo "1445"]
[PlyCount "39"]
[EventDate "2021.10.09"]
[EventType "swiss"]
[EventRounds "9"]
[EventCountry "ITA"]
[SourceTitle "CBM 204 Extra"]
[Source "ChessBase"]
[SourceDate "2021.11.30"]
[SourceVersion "1"]
[SourceVersionDate "2021.11.30"]
[SourceQuality "1"]

1. e4 e6 2. d4 c5 3. Nf3 cxd4 4. Nxd4 Nf6 5. Nc3 Bb4 6. Bd3 0-0 7. 0-0 e5 8. Nb3 Bxc3 9. bxc3 b6 10. Bg5 h6 11. Bh4 g5 12. Bg3 d6 13. h4 Nh7 14. hxg5 Qxg5 15. Qe1 Kh8 16. f4 Qg7 17. f5 Rg8 18. Rf3 Nd7 19. Qd2 Ndf6 20. Re1 1/2-1/2

[Event "GER-ch U25-B"]
[Site "Willingen"]
[Date "2019.06.14"]
[Round "8"]
[White "Linnemann, Caspar"]
[Black "Winterberg, Johanna"]
[Result "0-1"]
[WhiteElo "1239"]
[BlackElo "1742"]
[PlyCount "60"]
[EventDate "2019.06.08"]
[EventType "swiss"]
[EventRounds "9"]
[EventCountry "GER"]
[SourceTitle "CBM 191 Extra"]
[Source "ChessBase"]
[SourceDate "2019.09.30"]
[SourceVersion "1"]
[SourceVersionDate "2019.09.30"]
[SourceQuality "1"]

1. e4 c5 2. Nf3 Nc6 3. d4 cxd4 4. Nxd4 Nf6 5. Nc3 g6 6. Bc4 Bg7 7. Be3 0-0 8. f3 d6 9. Qd2 Bd7 10. 0-0-0 Ne5 11. Bb3 Qa5 12. Kb1 Rfc8 13. h3 Nc4 14. Bxc4 Rxc4 15. Nb3 Qd8 16. g4 Rac8 17. Qe1 b5 18. Rh2 b4 19. Nd5 Nxd5 20. Rxd5 Be6 21. Rdd2 a5 22. Nd4 Bd7 23. Qf1 a4 24. Rd1 e5 25. b3 exd4 26. bxc4 dxe3 27. Rxd6 Be5 28. Rxd7 Qxd7 29. Re2 Qd4 30. c3 Qxc3 0-1

[Event "GER-ch U25-B"]
[Site "Willingen"]
[Date "2019.06.13"]
[Round "7"]
[White "Diegel, Yannick"]
[Black "Linnemann, Caspar"]
[Result "1/2-1/2"]
[WhiteElo "1411"]
[BlackElo "1239"]
[PlyCount "65"]
[EventDate "2019.06.08"]
[EventType "swiss"]
[EventRounds "9"]
[EventCountry "GER"]
[SourceTitle "CBM 191 Extra"]
[Source "ChessBase"]
[SourceDate "2019.09.30"]
[SourceVersion "1"]
[SourceVersionDate "2019.09.30"]
[SourceQuality "1"]

1. d4 Nf6 2. Bf4 c5 3. d5 d6 4. c4 b5 5. a3 Nbd7 6. e3 bxc4 7. Bxc4 g6 8. Nf3 Bg7 9. Nc3 0-0 10. 0-0 Rb8 11. Rb1 Nh5 12. Bg5 Nb6 13. Bb3 Nf6 14. Re1 Bg4 15. h3 Bxf3 16. Qxf3 Nbd7 17. Qd1 Qb6 18. Ba2 Rfc8 19. Kh1 Rb7 20. f4 Rcb8 21. e4 Qc7 22. Re2 Nh5 23. Qe1 f6 24. g4 fxg5 25. gxh5 gxh5 26. fxg5 Qa5 27. Qc1 Ne5 28. Re3 h6 29. Rg3 Kh7 30. Qc2 Rf8 31. Rbg1 Rbb8 32. Bb1 Qa6 33. Qg2 1/2-1/2

[Event "GER-ch U10"]
[Site "Willingen"]
[Date "2018.05.26"]
[Round "11"]
[White "Linnemann, Caspar"]
[Black "Kamleiter, Noah"]
[Result "1-0"]
[WhiteElo "1408"]
[BlackElo "1213"]
[PlyCount "119"]
[EventDate "2018.05.19"]
[EventType "swiss"]
[EventRounds "11"]
[EventCountry "GER"]
[SourceTitle "CBM 184 Extra"]
[Source "ChessBase"]
[SourceDate "2018.06.28"]
[SourceVersion "1"]
[SourceVersionDate "2018.06.28"]
[SourceQuality "1"]

1. e4 c5 2. Nf3 Nc6 3. d4 cxd4 4. Nxd4 g6 5. Nc3 Bg7 6. Nf3 d6 7. Bc4 Bg4 8. h3 Bd7 9. 0-0 Nf6 10. Re1 0-0 11. Bg5 h6 12. Be3 Qc7 13. Bb3 Na5 14. Qd2 Nxb3 15. axb3 a6 16. Bxh6 Rad8 17. Bxg7 Kxg7 18. Qe2 Nh5 19. Nd5 Qc5 20. b4 Qa7 21. Nxe7 Nf4 22. Qe3 Qxe3 23. Rxe3 Rfe8 24. Nd5 Nxh3+ 25. gxh3 Bxh3 26. Ng5 Be6 27. Nxe6+ Rxe6 28. Rd1 f5 29. exf5 Rxe3 30. Nxe3 gxf5 31. Nxf5+ Kf6 32. Rxd6+ Rxd6 33. Nxd6 b6 34. c4 Ke6 35. Ne4 Ke5 36. f3 Kd4 37. Kf2 Kxc4 38. Ke2 Kxb4 39. Nd2 Kc5 40. Ke3 Kd6 41. f4 Ke6 42. Ke4 Kf6 43. f5 a5 44. Nc4 b5 45. Nxa5 b4 46. b3 Ke7 47. Nc6+ Kf6 48. Nxb4 Kf7 49. Ke5 Ke7 50. Nc6+ Kf7 51. f6 Kf8 52. Ke6 Ke8 53. b4 Kf8 54. b5 Ke8 55. b6 Kf8 56. b7 Kg8 57. b8Q+ Kh7 58. Qg3 Kh6 59. Kf5 Kh7 60. Qg7# 1-0